000 00447 a2200121 4500
001 ART_9604
005 20260410161837.0
008 260409a
245 1 0 _aLos valores corrientes, las diferencias de cambio y los gastos financieros en la resolución 148/81 del C.P.C.E.C.F.
100 1 _aWainstein, Mario
700 1 _adel Castillo, Daniel
773 0 _tContabilidad y administración
_g- Año 5, Nº 53 (nov. 1981)
_wREV5485
999 _c23724
_d23724